01409nam a2200397 i 450000100060000000300080000600500170001400600190003100700150005000800410006502000270010603500220013304000310015505000230018608000150020908200180022410000380024224501070028026400500038730000410043733600310047833700330050933800430054250400290058558800830061465000570069765000180075465000430077265000120081565000190082765000190084665100140086565500270087970000430090685600620094999895FINmELB20241217173014.0m o u cr cn|||||||||190610s2018 mx ob 000 0 spa d a9786076292273 (e-book) a(OCoLC)1149139281 aFINmELBbspaerdacFINmELB 4aKGF4809bC579 2018 a336.24(72)0 a343.720562231 aCisneros Garcia, Juan Rabindrana.10aDerecho procesal fiscal y aduanero /cJuan Rabindrana Cisneros García, Carlos Javier Verduzco Reina. 1aMéxico, D.F. :bTax Editores Unidos,c2018. a1 recurso en línea (337 páginas) atextobtxt2rdacontent/spa acomputadorabc2rdamedia/spa arecurso en líneabcr2rdacarrier/spa aContiene bibliografía. aDescripción basada en metadatos suministrados por el editor y otras fuentes. 0aCustoms administrationxLaw and legislationzMexico. 0aHuman rights. 0aTaxationxLaw and legislationzMexico. 4aAduana. 4aTributación. 4aLegislación. 4aMéxico. 4aLibros electrónicos.1 aVerduzco Reina, Carlos Javier,eautor.40uhttps://elibro.net/ereader/politecnicointernacional/40307